[Event "Ekaterinburg Rapid op"]
[Site "Ekaterinburg"]
[Date "2023.08.11"]
[Round "3"]
[White "Khaliullin, Albert"]
[Black "Ulybin, Mikhail"]
[Result "0-1"]
[WhiteElo "1975"]
[BlackElo "2356"]
[PlyCount "78"]
[EventDate "2023.08.11"]
[EventType "swiss (rapid)"]
[EventRounds "11"]
[EventCountry "RUS"]
[SourceTitle "CBM 215 Extra"]
[Source "ChessBase"]
[SourceDate "2023.09.30"]
[SourceVersion "1"]
[SourceVersionDate "2023.09.30"]
[SourceQuality "1"]

1. e4 e6 2. d4 d5 3. Nd2 Nf6 4. e5 Nfd7 5. Bd3 c5 6. Ne2 Nc6 7. c3 cxd4 8. cxd4 f6 9. exf6 Nxf6 10. Nf3 Bd6 11. 0-0 Qc7 12. Nc3 a6 13. h3 0-0 14. Re1 Bd7 15. a3 Rae8 16. Bc2 Re7 17. Bg5 Be8 18. Nh4 Bh2+ 19. Kh1 Bf4 20. Bxf6 Rxf6 21. Nf5 exf5 22. Nxd5 Qd6 23. Nxe7+ Nxe7 24. Qe2 Kf8 25. Rad1 Bd7 26. Bb3 Bc6 27. Qc4 Nd5 28. Qc5 g6 29. Bxd5 Bxd5 30. Qc8+ Kg7 31. Re8 Qc7 32. Qxc7+ Bxc7 33. Rc1 Rf7 34. Rc5 Bc6 35. Re6 Bb6 36. Rc2 Bxd4 37. Rd2 Ba7 38. Rd8 Bxf2 39. b4 f4 0-1

[Event "Chigorin Memorial 28th"]
[Site "St Petersburg"]
[Date "2021.10.31"]
[Round "9"]
[White "Strybuk, Artsiom I"]
[Black "Khaliullin, Albert"]
[Result "0-1"]
[WhiteElo "2231"]
[BlackElo "2078"]
[PlyCount "96"]
[EventDate "2021.10.23"]
[EventType "swiss"]
[EventRounds "9"]
[EventCountry "RUS"]
[SourceTitle "EXT 2023"]
[Source "ChessBase"]
[SourceDate "2022.10.05"]
[SourceVersion "1"]
[SourceVersionDate "2022.10.05"]
[SourceQuality "1"]

1. d4 c5 2. d5 d6 3. c4 e5 4. Nc3 Be7 5. g3 Bg4 6. f3 Bc8 7. Nh3 h5 8. e4 Nh6 9. Nf2 Bg5 10. h4 Bxc1 11. Qxc1 f6 12. Be2 g6 13. Qd2 Nd7 14. 0-0-0 f5 15. Bd3 Nf6 16. Rde1 Bd7 17. f4 Nf7 18. Qc2 Qc8 19. Nfd1 Ng4 20. Ne3 Nfh6 21. exf5 gxf5 22. fxe5 dxe5 23. Nxg4 Nxg4 24. Be2 Nf6 25. Rhf1 e4 26. Qd2 Qc7 27. Qg5 Qe5 28. Qg6+ Ke7 29. d6+ Ke6 30. Nd5 Rag8 31. Qxf6+ Qxf6 32. Nxf6 Kxf6 33. Bd1 Ke5 34. Re3 Kxd6 35. Kd2 Ke5 36. Ke2 Be6 37. b3 Rd8 38. Ke1 Rh6 39. Rf4 Bf7 40. Bc2 Rd7 41. Rf2 Ra6 42. Bd1 Ra3 43. Rc2 Bg6 44. Rf2 Rd3 45. Rfe2 Rxe3 46. Rxe3 Rxa2 47. Be2 Kd4 48. Kf2 a5 0-1

[Event "Chigorin Memorial 28th"]
[Site "St Petersburg"]
[Date "2021.10.26"]
[Round "4"]
[White "Akmalov, Daniil"]
[Black "Khaliullin, Albert"]
[Result "1-0"]
[WhiteElo "2235"]
[BlackElo "2078"]
[PlyCount "53"]
[EventDate "2021.10.23"]
[EventType "swiss"]
[EventRounds "9"]
[EventCountry "RUS"]
[SourceTitle "EXT 2023"]
[Source "ChessBase"]
[SourceDate "2022.10.05"]
[SourceVersion "1"]
[SourceVersionDate "2022.10.05"]
[SourceQuality "1"]

1. d4 Nf6 2. c4 e6 3. Nc3 Bb4 4. e3 Bxc3+ 5. bxc3 d6 6. Bd3 Nc6 7. Ne2 0-0 8. 0-0 e5 9. e4 Re8 10. d5 Ne7 11. f4 exf4 12. Bxf4 Nd7 13. Bg5 f6 14. Nd4 Nc5 15. e5 dxe5 16. Bxh7+ Kxh7 17. Qh5+ Kg8 18. Rxf6 gxf6 19. Bxf6 Rf8 20. Rf1 Bf5 21. Rxf5 Rxf6 22. Rxf6 Qd6 23. Qg5+ Kh8 24. Rxd6 cxd6 25. Qxe7 exd4 26. cxd4 Nd3 27. Qh4+ 1-0

[Event "Chigorin Memorial 28th"]
[Site "St Petersburg"]
[Date "2021.10.25"]
[Round "3"]
[White "Khaliullin, Albert"]
[Black "Surkova, Sofya"]
[Result "1-0"]
[WhiteElo "2078"]
[BlackElo "1763"]
[PlyCount "55"]
[EventDate "2021.10.23"]
[EventType "swiss"]
[EventRounds "9"]
[EventCountry "RUS"]
[SourceTitle "EXT 2023"]
[Source "ChessBase"]
[SourceDate "2022.10.05"]
[SourceVersion "1"]
[SourceVersionDate "2022.10.05"]
[SourceQuality "1"]

1. e4 e5 2. Nf3 Nc6 3. Bb5 g6 4. 0-0 Bg7 5. c3 d6 6. d4 Bd7 7. Bg5 Nf6 8. Nbd2 h6 9. Bh4 g5 10. Bg3 g4 11. Nh4 exd4 12. Bxc6 bxc6 13. cxd4 Nh5 14. Nc4 0-0 15. Ne3 Nxg3 16. hxg3 h5 17. Nhf5 Bxf5 18. Nxf5 Re8 19. Qc2 Rb8 20. Rad1 Rb6 21. b3 Qg5 22. f3 Re6 23. f4 Qd8 24. Kf2 d5 25. e5 f6 26. exf6 Rxf6 27. Rh1 Qc8 28. Ne7+ 1-0

[Event "Chigorin Memorial 27th"]
[Site "St Petersburg"]
[Date "2019.10.13"]
[Round "9"]
[White "Savitskiy, Sergey"]
[Black "Khaliullin, Albert"]
[Result "1-0"]
[WhiteElo "2407"]
[BlackElo "2053"]
[PlyCount "143"]
[EventDate "2019.10.05"]
[EventType "swiss"]
[EventRounds "9"]
[EventCountry "RUS"]
[SourceTitle "EXT 2021"]
[Source "ChessBase"]
[SourceDate "2020.10.23"]
[SourceVersion "1"]
[SourceVersionDate "2020.10.23"]
[SourceQuality "1"]

1. e4 e6 2. d3 d5 3. Nd2 c5 4. Ngf3 Nf6 5. g3 Nc6 6. Bg2 g6 7. 0-0 Bg7 8. Re1 0-0 9. c3 Nd7 10. Nf1 d4 11. cxd4 cxd4 12. h4 Qb6 13. N1h2 e5 14. Rb1 a5 15. Bf1 Nc5 16. b3 Bd7 17. h5 Rfc8 18. Nd2 Nb4 19. Nc4 Qe6 20. a4 gxh5 21. Nf3 h4 22. Nxh4 b5 23. axb5 Bxb5 24. Nf5 Kh8 25. Ba3 Bxc4 26. dxc4 Rg8 27. Qf3 Bf8 28. Bc1 Qg6 29. Bh3 Nbd3 30. Rd1 Nxc1 31. Rdxc1 Ne6 32. Nh4 Qh6 33. Kh2 Nf4 34. c5 Nxh3 35. Kxh3 Qe6+ 36. Nf5 Rc8 37. Ra1 Bxc5 38. Rxa5 Bb4 39. Rxc8 Rxc8 40. Rd5 Bf8 41. Kg2 Bb4 42. Qg4 Rg8 43. Rd8 Qg6 44. Qh4 h5 45. Rxg8+ Kxg8 46. Qd8+ Kh7 47. Qb8 Be1 48. Qxe5 d3 49. Ne3 h4 50. Qf5 Qxf5 51. exf5 h3+ 52. Kxh3 Bxf2 53. Nd1 Bc5 54. Kg4 Kh6 55. Kf4 d2 56. g4 f6 57. Kf3 Kg5 58. Nc3 Bd4 59. Ne4+ Kh6 60. Nxd2 Kg7 61. Ke4 Bc3 62. Kd3 Ba5 63. Ne4 Kf7 64. Kc4 Ke7 65. b4 Bd8 66. Kc5 Kd7 67. b5 Kc7 68. b6+ Kd7 69. Kb5 Be7 70. Ka6 Kc8 71. Ka7 Bd8 72. b7+ 1-0

[Event "Chigorin Memorial 27th"]
[Site "St Petersburg"]
[Date "2019.10.12"]
[Round "8"]
[White "Khaliullin, Albert"]
[Black "Maltsevskaya, Aleksandra"]
[Result "1-0"]
[WhiteElo "2053"]
[BlackElo "2333"]
[PlyCount "66"]
[EventDate "2019.10.05"]
[EventType "swiss"]
[EventRounds "9"]
[EventCountry "RUS"]
[SourceTitle "EXT 2021"]
[Source "ChessBase"]
[SourceDate "2020.10.23"]
[SourceVersion "1"]
[SourceVersionDate "2020.10.23"]
[SourceQuality "1"]

1. e4 g6 2. d4 Bg7 3. Nc3 d6 4. Nf3 Nf6 5. Bg5 0-0 6. Qd2 c5 7. Bh6 cxd4 8. Nxd4 Bxh6 9. Qxh6 Qb6 10. 0-0-0 Nc6 11. Qd2 Bd7 12. f3 Rfc8 13. g4 Qxd4 14. Qxd4 Nxd4 15. Rxd4 Rc5 16. h4 Rac8 17. g5 Nh5 18. Bh3 Be6 19. Rh2 Nf4 20. Bxe6 fxe6 21. e5 Rc4 22. Rxc4 Rxc4 23. exd6 exd6 24. Nb5 d5 25. b3 Rc5 26. Nxa7 d4 27. Kb2 e5 28. a4 Rc3 29. Rf2 Re3 30. Nb5 Nh3 31. Rf1 Re2 32. Kb1 Nf4 33. Nd6 b6 1-0

[Event "Chigorin Memorial 27th"]
[Site "St Petersburg"]
[Date "2019.10.05"]
[Round "1"]
[White "Khalifman, Alexander"]
[Black "Khaliullin, Albert"]
[Result "1-0"]
[WhiteElo "2614"]
[BlackElo "2053"]
[PlyCount "71"]
[EventDate "2019.10.05"]
[EventType "swiss"]
[EventRounds "9"]
[EventCountry "RUS"]
[SourceTitle "EXT 2020"]
[Source "ChessBase"]
[SourceDate "2019.10.17"]
[SourceVersion "1"]
[SourceVersionDate "2019.10.17"]
[SourceQuality "1"]

1. d4 Nf6 2. c4 b6 3. f3 Nc6 4. Nc3 e5 5. d5 Ne7 6. e4 Ng6 7. Nge2 Bb4 8. a3 Bxc3+ 9. Nxc3 d6 10. Be3 Bd7 11. Qd2 0-0 12. 0-0-0 Ne8 13. h4 c5 14. h5 Ne7 15. f4 exf4 16. Bxf4 f6 17. Bd3 a6 18. Rdf1 Rb8 19. h6 g6 20. a4 Nc8 21. Rf2 Na7 22. Rhf1 Qe7 23. Qe3 Nc7 24. Qg3 Ne8 25. e5 f5 26. e6 Bc8 27. Bg5 Qb7 28. Bxf5 Rxf5 29. Rxf5 gxf5 30. Rxf5 Ng7 31. Rf7 Qxf7 32. exf7+ Kxf7 33. hxg7 Kxg7 34. Qxd6 Rb7 35. Qf6+ Kg8 36. Bh6 1-0

[Event "Eurasia Cup op"]
[Site "Ekaterinburg"]
[Date "2019.08.08"]
[Round "8"]
[White "Khaliullin, Albert"]
[Black "Ryabikov, Vladislav"]
[Result "1-0"]
[WhiteElo "2004"]
[BlackElo "1719"]
[PlyCount "74"]
[EventDate "2019.07.31"]
[EventType "swiss"]
[EventRounds "9"]
[EventCountry "RUS"]
[SourceTitle "CBM 191 Extra"]
[Source "ChessBase"]
[SourceDate "2019.09.30"]
[SourceVersion "1"]
[SourceVersionDate "2019.09.30"]
[SourceQuality "1"]

1. e4 e6 2. d4 d5 3. Nd2 Nc6 4. Ngf3 Nf6 5. e5 Nd7 6. c3 f6 7. exf6 Qxf6 8. Be2 Bd6 9. Nf1 0-0 10. Bg5 Qf7 11. Ne3 Nb6 12. 0-0 e5 13. dxe5 Nxe5 14. Nxe5 Bxe5 15. Bf3 c6 16. Re1 Bc7 17. Bh4 Be6 18. Bh5 Qd7 19. Qe2 g6 20. Bf3 Rae8 21. Qd2 Bf4 22. Qd4 Qd6 23. Bg3 c5 24. Qd3 Bxg3 25. hxg3 Rd8 26. Rad1 Qc7 27. Bg4 Qf7 28. Bxe6 Qxe6 29. f3 d4 30. Ng4 Qc4 31. Qe4 Qd5 32. Qe7 Kh8 33. Re5 Qd6 34. Qxb7 Rc8 35. cxd4 cxd4 36. Nh6 Qb4 37. Nf7+ Kg8 1-0

[Event "Eurasia Cup op"]
[Site "Ekaterinburg"]
[Date "2019.08.07"]
[Round "7"]
[White "Safin, Robert"]
[Black "Khaliullin, Albert"]
[Result "1-0"]
[WhiteElo "2188"]
[BlackElo "2004"]
[PlyCount "53"]
[EventDate "2019.07.31"]
[EventType "swiss"]
[EventRounds "9"]
[EventCountry "RUS"]
[SourceTitle "CBM 191 Extra"]
[Source "ChessBase"]
[SourceDate "2019.09.30"]
[SourceVersion "1"]
[SourceVersionDate "2019.09.30"]
[SourceQuality "1"]

1. d4 Nf6 2. c4 b6 3. Nc3 Bb7 4. Qc2 d5 5. cxd5 Nxd5 6. Bd2 e6 7. e4 Nxc3 8. Bxc3 Be7 9. Nf3 0-0 10. Bc4 Nd7 11. 0-0 Nf6 12. Rfe1 Nh5 13. Rad1 Nf4 14. Ne5 Bd6 15. g3 Nh3+ 16. Kg2 Ng5 17. f4 Nxe4 18. Rxe4 Bxe5 19. fxe5 f5 20. exf6 Qxf6 21. d5 Qf3+ 22. Kg1 Bxd5 23. Rxd5 exd5 24. Bxd5+ Kh8 25. Bxg7+ Kxg7 26. Re7+ Kf6 27. Re6+ 1-0

[Event "Moscow op-A 15th"]
[Site "Moscow"]
[Date "2019.02.02"]
[Round "8"]
[White "Shoboev, Dandar"]
[Black "Khaliullin, Albert"]
[Result "1-0"]
[WhiteElo "2245"]
[BlackElo "1929"]
[PlyCount "65"]
[EventDate "2019.01.26"]
[EventType "swiss"]
[EventRounds "9"]
[EventCountry "RUS"]
[SourceTitle "CBM 188 Extra"]
[Source "ChessBase"]
[SourceDate "2019.02.28"]
[SourceVersion "1"]
[SourceVersionDate "2019.02.28"]
[SourceQuality "1"]

1. d4 Nf6 2. c4 b6 3. f3 Nc6 4. Nc3 d5 5. cxd5 Nxd5 6. e4 Nxc3 7. bxc3 g6 8. Be3 Bg7 9. Bb5 Bd7 10. Ne2 0-0 11. Bd3 e6 12. 0-0 Na5 13. Rc1 Qe7 14. Qd2 c5 15. Qb2 cxd4 16. cxd4 Rfd8 17. Rc3 b5 18. Rfc1 a6 19. Qd2 Qe8 20. e5 Nc6 21. Be4 Rac8 22. Bg5 Ne7 23. Ra3 Rxc1+ 24. Qxc1 Rc8 25. Qd2 Bc6 26. Rxa6 Nd5 27. Bxd5 Bxd5 28. Nc3 Bc4 29. Ne4 Qd7 30. Nf6+ Bxf6 31. Bxf6 h5 32. Rd6 Qe8 33. Qh6 1-0

[Event "Moscow op-A 15th"]
[Site "Moscow"]
[Date "2019.01.27"]
[Round "2"]
[White "Lysyj, Igor"]
[Black "Khaliullin, Albert"]
[Result "1-0"]
[WhiteElo "2633"]
[BlackElo "1929"]
[PlyCount "119"]
[EventDate "2019.01.26"]
[EventType "swiss"]
[EventRounds "9"]
[EventCountry "RUS"]
[SourceTitle "CBM 188 Extra"]
[Source "ChessBase"]
[SourceDate "2019.02.28"]
[SourceVersion "1"]
[SourceVersionDate "2019.02.28"]
[SourceQuality "1"]

1. Nf3 Nf6 2. c4 b6 3. d4 Bb7 4. g3 Bxf3 5. exf3 e6 6. Bg2 c6 7. 0-0 d5 8. b3 Be7 9. Bb2 0-0 10. f4 Re8 11. Qd3 g6 12. Nd2 Bf8 13. Rac1 Bg7 14. Rfd1 Qd6 15. Nf3 Nbd7 16. Ne5 Rac8 17. Rc2 dxc4 18. bxc4 c5 19. Qa3 Qc7 20. Nc6 cxd4 21. Qxa7 d3 22. Rxd3 Nc5 23. Qxc7 Rxc7 24. Rd1 Nfe4 25. Ne5 f6 26. Nf3 Ra8 27. Bc1 f5 28. Ng5 Rac8 29. Bxe4 fxe4 30. Be3 h6 31. Bxc5 Rxc5 32. Nxe4 Rxc4 33. Rd8+ Rxd8 34. Rxc4 Bd4 35. a4 e5 36. fxe5 Bxe5 37. Kf1 Kf7 38. Ke2 Rd5 39. f4 Bd4 40. Kf3 Rd7 41. Rc6 Ra7 42. f5 gxf5 43. Nd6+ Kf8 44. Rc8+ Ke7 45. Nxf5+ Kd7 46. Rc4 Bc5 47. Nxh6 Kd6 48. Nf5+ Kd5 49. Re4 Ba3 50. g4 Bc1 51. h4 Rc7 52. Ne3+ Kd6 53. Rd4+ Ke6 54. Rc4 Rf7+ 55. Nf5 Ba3 56. Rc6+ Kd5 57. Rxb6 Ra7 58. Rb5+ Bc5 59. g5 Rxa4 60. g6 1-0

[Event "RUS-ch Eurasia Cup op"]
[Site "Ekaterinburg"]
[Date "2018.08.06"]
[Round "5"]
[White "Patrushev, Konstantin"]
[Black "Khaliullin, Albert"]
[Result "1-0"]
[WhiteElo "2138"]
[BlackElo "1798"]
[PlyCount "121"]
[EventDate "2018.08.01"]
[EventType "swiss"]
[EventRounds "9"]
[EventCountry "RUS"]
[SourceTitle "CBM 185 Extra"]
[Source "ChessBase"]
[SourceDate "2018.07.29"]
[SourceVersion "1"]
[SourceVersionDate "2018.07.29"]
[SourceQuality "1"]

1. d4 Nf6 2. Nf3 c5 3. d5 e6 4. Nc3 d6 5. e4 exd5 6. Nxd5 Be6 7. Bb5+ Nc6 8. 0-0 a6 9. Bc4 Be7 10. Re1 0-0 11. Bf4 Bxd5 12. Bxd5 Nh5 13. Be3 Nf6 14. c3 Qd7 15. h3 Nxd5 16. Qxd5 Qe6 17. Rad1 Rad8 18. Bf4 h6 19. Bg3 Na5 20. b3 Qf6 21. Re3 Rfe8 22. Nh4 g6 23. Rf3 Qg7 24. a4 Nc6 25. Re3 Bxh4 26. Bxh4 g5 27. Bg3 Re6 28. f3 Qf6 29. Qd2 Ne5 30. Bxe5 Qxe5 31. Rd3 Qg3 32. Rd5 b6 33. Rf5 Re5 34. Rf6 Re6 35. Rxe6 fxe6 36. Qe2 b5 37. axb5 axb5 38. Qxb5 Ra8 39. Qe2 Qe5 40. Qd3 Ra3 41. Qxd6 Qxd6 42. Rxd6 Rxb3 43. Rxe6 Kg7 44. Kf2 Rxc3 45. Rc6 Rc2+ 46. Kg3 c4 47. h4 c3 48. hxg5 hxg5 49. Kh3 Kf7 50. g3 Rc1 51. Kg4 c2 52. Kxg5 Rf1 53. Rxc2 Rxf3 54. Kg4 Rf1 55. Rc6 Re1 56. Kf5 Rf1+ 57. Ke5 Rg1 58. Rf6+ Ke7 59. Rf3 Ra1 60. g4 Ra5+ 61. Kf4 1-0

[Event "RUS-ch Eurasia Cup op"]
[Site "Ekaterinburg"]
[Date "2018.08.02"]
[Round "2"]
[White "Khaliullin, Albert"]
[Black "Badmatsyrenov, Oleg"]
[Result "0-1"]
[WhiteElo "1798"]
[BlackElo "2454"]
[PlyCount "120"]
[EventDate "2018.08.01"]
[EventType "swiss"]
[EventRounds "9"]
[EventCountry "RUS"]
[SourceTitle "CBM 185 Extra"]
[Source "ChessBase"]
[SourceDate "2018.07.29"]
[SourceVersion "1"]
[SourceVersionDate "2018.07.29"]
[SourceQuality "1"]

1. e4 c5 2. Nf3 e6 3. c3 d5 4. exd5 exd5 5. d4 Bd6 6. Bb5+ Bd7 7. Bxd7+ Qxd7 8. 0-0 Ne7 9. dxc5 Bxc5 10. Nbd2 Nbc6 11. Nb3 Bb6 12. Nbd4 0-0 13. Be3 Ng6 14. Qd3 f5 15. Nxc6 bxc6 16. Bxb6 axb6 17. c4 Nf4 18. Qd2 Ne6 19. cxd5 Qxd5 20. Qxd5 cxd5 21. Rfe1 Rf6 22. Re5 Rd8 23. Rae1 Rd6 24. Rd1 d4 25. Kf1 Rf8 26. a3 g6 27. Rde1 Nc5 28. Re8 Rxe8 29. Rxe8+ Kf7 30. Re1 Kf6 31. Rd1 Ne6 32. g3 g5 33. Ne1 Rc6 34. Ke2 g4 35. Nd3 Ng5 36. Rc1 Re6+ 37. Kf1 Nf3 38. Nf4 Rd6 39. h4 d3 40. Rd1 d2 41. Ng2 Ke5 42. Ne3 Ke4 43. Ke2 b5 44. b3 Rd3 45. Nxf5 Rxb3 46. Ne3 Rb2 47. Nxg4 Nd4+ 48. Kf1 Kd3 49. Ne3 Nc2 50. Nd5 Nxa3 51. Nf4+ Kc2 52. Ke2 Nb1 53. Nd5 Rb3 54. h5 b4 55. h6 Nc3+ 56. Nxc3 bxc3 57. Ra1 Rb6 58. g4 Re6+ 59. Kf3 d1Q+ 60. Rxd1 Kxd1 0-1